000 00557cam a2200193 4500
001 D6490
008 090401t1983 xxu||||| |||| 00| 0 eng d
035 _a(Sirsi) u1132
041 _aeng
050 _a526
100 _aLauf, G.B.
245 _aGeodesy and map projections
260 _aCollingwood, Victoria
_bTAFE Publications Unit
_c1983
300 _a127p. illus. 30cm
350 _a23.75
520 _aBased on notes for students in the Department of Surveying at the Royal Melbourne Institute of Technolgy
942 _n0
948 _c04/03/1997
999 _c85632
_d85632